| 000 | 01001nam a22002657a 4500 | ||
|---|---|---|---|
| 005 | 20111207115413.0 | ||
| 008 | 111207s19-- ua|||||r|||| 00| 0 ara d | ||
| 020 | _a9777222742 | ||
| 082 |
_222 _a200 _bس ع ي |
||
| 100 |
_928021 _aسعيد، حبيب |
||
| 245 |
_aاديان العالم / _cحبيب سعيد. |
||
| 260 |
_aالقاهرة : _bدار التأليف والنشر للكنيسة، _c[1977?] |
||
| 300 |
_a335 ص. ؛ _c24 سم. |
||
| 504 | _aيشتمل على ارجاعات ببليوجرافية. | ||
| 650 |
_922076 _aالديانات |
||
| 650 |
_928023 _aالمسيحية |
||
| 650 |
_913667 _aالإسلام |
||
| 650 |
_928024 _aالهندوسية |
||
| 650 |
_929565 _aالزرادشتية |
||
| 650 |
_929566 _aالآلهة |
||
| 650 |
_929567 _aالأساطير |
||
| 653 |
_bAra _cDecember2011 |
||
| 942 |
_2ddc _cBB |
||
| 999 |
_c16303 _d16303 |
||